00235nam a2200097Ia 4500008004100000100002400041245002600065260002200091942000700113999001700120190216s9999||||xx |||||||||||||| ||und|| aRamakrishnan Nair R 0aPoly Technic Boudikam bKerala Basha Inst cBK c38882d38882